| 000 | 00319nam a2200121Ia 4500 | ||
|---|---|---|---|
| 008 | 190216s9999||||xx |||||||||||||| ||und|| | ||
| 100 | _aBahrgava R N | ||
| 245 | 4 | _aThe Theory And Working Of Union Finance In India | |
| 260 |
_bChaithanya Pub.House Allahabad _c1971 |
||
| 300 | _a424p | ||
| 650 | _aEconomics | ||
| 942 | _cBK | ||
| 999 |
_c9252 _d9252 |
||